Aves de Zamora / (Record no. 156486)

MARC details
000 -LEADER
campo de control de longitud fija 01033nam a22002655i 4500
001 - NÚMERO DE CONTROL
campo de control 156486
003 - IDENTIFICADOR DE NÚMERO DE CONTROL
campo de control ES-MaACL
005 - FECHA Y HORA DE LA ÚLTIMA TRANSACCIÓN
campo de control 20231112114821.0
008 - DATOS DE LONGITUD FIJA--INFORMACIÓN GENERAL
campo de control de longitud fija 150121s2011 sp |||| | spa d
020 ## - NÚMERO INTERNACIONAL ESTÁNDAR DEL LIBRO
Número Internacional Estándar del Libro 978-84-938160-3-2
080 ## - NÚMERO DE LA CLASIFICACIÓN DECIMAL UNIVERSAL
Número de la Clasificación Decimal Universal 598.2(460.184)
100 1# - ENTRADA PRINCIPAL--NOMBRE DE PERSONA
Nombre de persona Regueras Grande, José Ignacio.
9 (RLIN) 156157
245 10 - MENCIÓN DEL TÍTULO
Título Aves de Zamora /
Mención de responsabilidad, etc. José Ignacio Regueras Grande.
260 ## - PUBLICACIÓN, DISTRIBUCIÓN, ETC.
Lugar de publicación, distribución, etc. Benavente :
Nombre del editor, distribuidor, etc. Centro de Estudios Benaventanos "Ledo del Pozo",
Fecha de publicación, distribución, etc. 2011.
300 ## - DESCRIPCIÓN FÍSICA
Extensión 358 p. : il. col. y n., mapas ;
Dimensiones 24 cm.
490 1# - MENCIÓN DE SERIE
Mención de serie Patrimonio natural ;
Designación de volumen o secuencia 2
504 ## - NOTA DE BIBLIOGRAFÍA, ETC.
Nota de bibliografía, etc. Bibliografía: p. 341-346. Índice.
650 #4 - PUNTO DE ACCESO ADICIONAL DE MATERIA--TÉRMINO DE MATERIA
Término de materia o nombre geográfico como elemento de entrada Aves-
Subdivisión geográfica Zamora (Provincia)
9 (RLIN) 156158
710 2# - ENTRADA AGREGADA--NOMBRE DE ENTIDAD CORPORATIVA
Nombre de entidad corporativa o nombre de jurisdicción como elemento de entrada Centro de Estudios Benaventanos "Ledo del Pozo"
9 (RLIN) 144530
830 0# - PUNTO DE ACCESO ADICIONAL DE SERIE-TÍTULO UNIFORME
Título uniforme Patrimonio natural ;
Designación de volumen o secuencia 2
9 (RLIN) 192021
852 ## - LOCALIZACIÓN
Ubicación ES-MaACL
Número de control de estantería A-13328
itemnumber 162248
Sublocalización o colección R.150325
Ubicación en estantería Depósito 1
Signatura antigua Olim: N-6328
Donativo/Legado Donación: Centro de Estudios Benaventanos
914 ## - NOMBRE ENTIDAD DE DONANTE
RLIN 144530
Nombre de congreso/reunión o jurisdicción como elemento de entrada Centro de Estudios Benaventanos "Ledo del Pozo"
Unidad subordinada Donante
942 ## - ELEMENTOS DE ENTRADA SECUNDARIOS (KOHA)
Fuente del sistema de clasificación o colocación Clasificación decimal universal
Tipo de ítem Koha Libro impreso
Holdings
Estatus retirado Estado de pérdida Fuente del sistema de clasificación o colocación Estado de daño No para préstamo Biblioteca de origen Biblioteca actual Ubicación en estantería Fecha de adquisición Fuente de adquisición Total de préstamos Signatura topográfica completa Código de barras Visto por última vez Precio de reemplazo Tipo de ítem Koha
    Clasificación decimal universal     Biblioteca del Ateneo de Madrid Biblioteca del Ateneo de Madrid Depósito 1 17/01/2008 Donación   A-13328 1163718 23/02/2023 23/02/2023 Libro impreso